Historia de la iglesia cristiana / (Registro nro. 53589)

Detalles MARC
000 -LEADER
campo de control de longitud fija 03527cam a22004574i 4500
003 - IDENTIFICADOR DE NÚMERO DE CONTROL
campo de control PE-LiUPU
005 - FECHA Y HORA DE LA ÚLTIMA TRANSACCIÓN
campo de control 20250731173418.0
008 - DATOS DE LONGITUD FIJA--INFORMACIÓN GENERAL
campo de control de longitud fija 150706s r 000 0 d
020 ## - NÚMERO INTERNACIONAL ESTÁNDAR DEL LIBRO
Número Internacional Estándar del Libro 9780829720037
035 ## - NÚMERO DE CONTROL DEL SISTEMA
Número de control de sistema (Sirsi) i9780829720037
040 ## - FUENTE DE CATALOGACIÓN
Centro catalogador/agencia de origen PE-LiUPU
Lengua de catalogación spa
Centro/agencia transcriptor PE-LiUPU
Normas de descripción rda
049 ## - FONDOS LOCALES (OCLC)
Biblioteca depositaria PRUA
082 04 - NÚMERO DE LA CLASIFICACIÓN DECIMAL DEWEY
Número de clasificación 270
Cutter H96
Número de edición 21
100 1# - ENTRADA PRINCIPAL--NOMBRE DE PERSONA
Nombre de persona Hurlbut, Jesse Lyman,
Fechas asociadas al nombre 1843-1930,
Término indicativo de función/relación autor.
245 10 - MENCIÓN DEL TÍTULO
Título Historia de la iglesia cristiana /
Mención de responsabilidad, etc. Jesse Lyman Hurlbut.
264 #1 - PRODUCCIÓN, PUBLICACIÓN, DISTRIBUCIÓN, FABRICACIÓN Y COPYRIGHT
Producción, publicación, distribución, fabricación y copyright [Grand Rapids, Mich.] :
Nombre del de productor, editor, distribuidor, fabricante Vida,
Fecha de producción, publicación, distribución, fabricación o copyright 1999.
300 ## - DESCRIPCIÓN FÍSICA
Extensión 206 páginas ;
Dimensiones 22 cm.
336 ## - TIPO DE CONTENIDO
Término de tipo de contenido text
Fuente rdacontent
337 ## - TIPO DE MEDIO
Nombre/término del tipo de medio unmediated
Fuente rdamedia
338 ## - TIPO DE SOPORTE
Nombre/término del tipo de soporte volume
Fuente rdacarrier
505 0# - NOTA DE CONTENIDO CON FORMATO
Nota de contenido con formato Los seis períodos generales de la historia de la iglesia -- La iglesia apostólica: 30-100 D.C. primera parte: la iglesia Pentecostal -- La iglesia apostólica: 30-100 D.C. segunda parte: la expansión de la iglesia -- La iglesia apostólica: 30-100-D.C. tercera parte: la iglesia entre los gentiles -- La iglesia apostólica: 30-100 D.C. cuarta parte: la edad sombría -- La iglesia perseguida: 100-313 D.C, segunda parte: las persecuciones imperiales -- La iglesia perseguida: 100-313 D.C. segunda parte: formación del canon del Nuevo Testamento. Desarrollo de la organización eclesiástica. Desarrollo de la doctrina -- La iglesia perseguida: 100-313 D.C. tercera parte: desarrollo de secta y herejías. Condición de la iglesia -- La iglesia imperial: 313-476 D.C. primera parte: la victoria del cristianismo -- La iglesia imperial.: 313-476 D.C. segunda parte: fundación de Constantinopla. División del imperio. Supresión del paganismo. Controversias y concilios. Nacimiento del monacato -- La iglesia imperial: 313-476 D.C. tercera parte: desarrollo del poder en la iglesia de Roma. Caída del imperio romano occidental. Líderes del período -- La iglesia medieval: 476-1453 D.C. primera parte: progreso del poder papal -- La iglesia medieval: 476-1453 D.C. segunda parte: surgimiento del poder musulmán -- La iglesia medieval: 476-1453 D.C. segunda parte: surgimiento del poder musulmán -- La iglesia medieval: 476-1453 D.C. tercera parte: el santo imperio romano. Separación de las iglesias Latina y Griega -- La iglesia medieval: 476-1453 D.C. cuarta parte: las cruzadas -- La iglesia medieval: 476-1453 D.C. quinta parte: desarrollo del monacato. El arte y la literatura medieval -- La iglesia medieval: 476-1453 D.C. Sexta parte: comienzos de la reforma religiosa. Caída de Constantinopla. Eruditos y líderes -- La iglesia reformada: 1453-1648 D.C. Primera parte: fuerzas que antecedieron. La reforma en Alemania -- La iglesia reformada: 1453 - 1648 D.C. Segunda parte: la reforma en otros países. Principios de la reforma.
526 ## - NOTA DE INFORMACIÓN SOBRE EL PROGRAMA DE ESTUDIO
Nombre del programa Segunda Especialidad En Profecías Bíblicas
526 ## - NOTA DE INFORMACIÓN SOBRE EL PROGRAMA DE ESTUDIO
Nombre del programa Segunda Especialidad En Nuevo Testamento
526 ## - NOTA DE INFORMACIÓN SOBRE EL PROGRAMA DE ESTUDIO
Nombre del programa Segunda Especialidad En Antiguo Testamento
526 ## - NOTA DE INFORMACIÓN SOBRE EL PROGRAMA DE ESTUDIO
Nombre del programa Segunda Especialidad En Estudios Adventistas
526 ## - NOTA DE INFORMACIÓN SOBRE EL PROGRAMA DE ESTUDIO
Nombre del programa Doctorado en teología
526 ## - NOTA DE INFORMACIÓN SOBRE EL PROGRAMA DE ESTUDIO
Nombre del programa Maestría en teología histórica
526 ## - NOTA DE INFORMACIÓN SOBRE EL PROGRAMA DE ESTUDIO
Nombre del programa Maestría en teología bíblica
526 ## - NOTA DE INFORMACIÓN SOBRE EL PROGRAMA DE ESTUDIO
Nombre del programa Maestría en teología
526 ## - NOTA DE INFORMACIÓN SOBRE EL PROGRAMA DE ESTUDIO
Nombre del programa Maestría en misionología
526 ## - NOTA DE INFORMACIÓN SOBRE EL PROGRAMA DE ESTUDIO
Nombre del programa Maestría en liderazgo eclesiástico
526 ## - NOTA DE INFORMACIÓN SOBRE EL PROGRAMA DE ESTUDIO
Nombre del programa Teología
541 ## - NOTA DE FUENTE DE ADQUISICIÓN DIRECTA
-- 001-0000579;
596 ## -
-- 1
650 04 - PUNTO DE ACCESO ADICIONAL DE MATERIA--TÉRMINO DE MATERIA
Término de materia o nombre geográfico como elemento de entrada Iglesia
Subdivisión general Historia.
910 ## - DATOS DE OPCIÓN DEL USUARIO (OCLC)
Datos de opción del usuario gl
-- jv
-- lch
-- 20120612
942 ## - ELEMENTOS DE ENTRADA SECUNDARIOS (KOHA)
Fuente del sistema de clasificación o colocación Clasificación Decimal Dewey
Tipo de ítem Koha
949 ## - PROCESAMIENTO DE INFORMACIÓN LOCAL (OCLC)
a 270 H96
w DEWEY
c 1
i 64972
l CCODEBUL1
m BUL
p 12.00
r 0
s Y
t BOOK
u 2015-7-6
x TEOLOGIA
-- P35
o .STAFF. Colección General
994 ## -
-- C0
-- PEPRU
999 ## - NÚMEROS DE CONTROL DE SISTEMA (KOHA)
-- DEWEY
-- 64972
-- 2018-5-9
-- 2021-11-11
-- 4
-- CCODEBUL1
-- BUL
-- 19
-- 12.00
-- 8
-- 0
-- Y
-- BOOK
-- 2015-7-6
-- TEOLOGIA
-- P35
-- COMPRA
-- .STAFF. Colección General
980 ## - EQUIVALENCIA O REFERENCIA-CRUZADA-MENCIÓN DE SERIE--NOMBRE DE PERSONA/TÍTULO [LOCAL, CANADÁ]
ID del último usuario que modificó el registro 1
Nombre del último usuario que modificó el registro ALBERTO SANCHEZ Responsable de Automatización
Existencias
Visto por última vez Número de inventario Total de préstamos Signatura topográfica completa Código de barras Fecha del último préstamo Copia número Coste, precio de reemplazo Fecha de reemplazo Facultad Tipo de ítem Koha Nota pública Estado de pérdida Fuente del sistema de clasificación o colocación Restricciones de uso No para préstamo Colección Programa académico Biblioteca de origen Biblioteca actual Ubicación en estantería Fecha de adquisición Fuente de adquisición Coste, precio normal de compra
2025-12-02 5 21 270 H96 64972 2023-06-18 e1 17.00 2015-07-06   Libros físicos inventario-2023-12-13 No Perdido Clasificación Decimal Dewey No restringido Disponible para préstamos Colección General Teología Biblioteca CRAI UPeU Lima Biblioteca CRAI UPeU Lima Sala principal 2015-07-06 COMPRA 12.00